Detalles MARC
| 000 -LEADER |
| fixed length control field |
04194nam a2200301Ia 4500 |
| 003 - CONTROL NUMBER IDENTIFIER |
| control field |
OSt |
| 005 - DATE AND TIME OF LATEST TRANSACTION |
| control field |
20210802120817.0 |
| 008 - FIXED-LENGTH DATA ELEMENTS--GENERAL INFORMATION |
| fixed length control field |
210310s1997 ck ad fr 100 0dspa d |
| 020 ## - INTERNATIONAL STANDARD BOOK NUMBER |
| International Standard Book Number |
9586017133 |
| 040 ## - CATALOGING SOURCE |
| Original cataloging agency |
CO-JMCR |
| Transcribing agency |
CO-JMCR |
| 041 0# - LANGUAGE CODE |
| Language code of text/sound track or separate title |
spa |
| 082 04 - DEWEY DECIMAL CLASSIFICATION NUMBER |
| Classification number |
332.4108 / |
| Item number |
S471i |
| Edition number |
23 |
| 111 2# - MAIN ENTRY--MEETING NAME |
| Meeting name or jurisdiction name as entry element |
Seminario Internacional de Economía |
| Number of part/section/meeting |
(8o. : |
| Date of meeting or treaty signing |
1995 : |
| Location of meeting |
Bogotá) |
| 9 (RLIN) |
38970 |
| 245 10 - TITLE STATEMENT |
| Title |
Inflación, estabilización y política cambiaria en América Latina : |
| Remainder of title |
lecciones de los años noventa / |
| Statement of responsibility, etc. |
Sebastián Edwards, Mauricio Cárdenas [coordinadores] |
| 250 ## - EDITION STATEMENT |
| Edition statement |
Primera edición |
| 260 ## - PUBLICATION, DISTRIBUTION, ETC. |
| Place of publication, distribution, etc. |
Bogotá : |
| Name of publisher, distributor, etc. |
TM Editores : |
| -- |
Fedesarrollo, |
| Date of publication, distribution, etc. |
1997 |
| 300 ## - PHYSICAL DESCRIPTION |
| Extent |
xix, 281 páginas : |
| Other physical details |
ilustraciones, gráficas a blanco y negro ; |
| Dimensions |
23 cm. |
| 500 ## - GENERAL NOTE |
| General note |
Incluye notas y datos biográficos de lo autores. |
| 504 ## - BIBLIOGRAPHY, ETC. NOTE |
| Bibliography, etc. note |
Bibliografía al fina de cada capítulo. |
| 505 0# - FORMATTED CONTENTS NOTE |
| Title |
Los peligros de los consensos en el diseño de la política económica / |
| Statement of responsibility |
Guillermo Perry |
| Title |
Acuerdos de libre comercio versus uniones aduaneras / |
| Statement of responsibility |
Anne O. Krueger |
| Title |
Tipo de cambio y credibilidad / |
| Statement of responsibility |
Chris Canavan y Mariano Tommasi |
| Title |
La vulnerabilidad de las tasas de cambio fijas / |
| Statement of responsibility |
Andrés Velasco |
| Title |
Estabilización basada en el tipo de cambio con respuesta fiscal endógena / |
| Statement of responsibility |
Ernesto Talvi |
| Title |
La efectividad de los controles de capitales: la experiencia de Colombia durante los años noventa / |
| Statement of responsibility |
Mauricio Cárdenas y Felipe Barrera |
| Title |
Tamaño y duración de las devaluaciones en economías con controles de capital / |
| Statement of responsibility |
Nancy Marion y Robert Flood |
| Title |
Inversión, transmisión y tasas de cambio: una comparación entre países / |
| Statement of responsibility |
Linda S. Goldberg y José Campa |
| Title |
Estabilización, volatilidad y equilibrio de la tasa de cambio real / |
| Statement of responsibility |
Gustavo M. Gonzaga y María Cristina T. Terra |
| Title |
¿Error de coordinación o restricciones de presupuesto? Apuntes sobre la inflación bajo un régimen de independencia del Banco Central / |
| Statement of responsibility |
Alberto Carrasquilla |
| Title |
Mercados financieros e inflación bajo información imperfecta / |
| Statement of responsibility |
José De Gregorio y Federico Sturzenegger |
| 520 3# - SUMMARY, ETC. |
| Summary, etc. |
Este libro contiene los trabajos presentados en el Octavo Seminario Interamericano de Economía (IASE), el cual fue realizado en Santafé de Bogotá, Colombia, en noviembre de 1995. IASE es una conferencia anual organizada por el National Bureau of Economic Research (NBER) en unión de alguna institución de análisis económico en Latinoamérica. En su octava edición el turno le correspondió a la Fundación para la Educación Superior y el Desarrollo (FEDESARROLLO), entidad que se ha consolidado como el principal centro de análisis económico independiente en Colombia y uno de los más destacados en la región. Este seminario, además, hizo parte de las celebraciones con ocasión de los 25 años de existencia de la Fundación.<br/>El propósito del Seminario Interamericano de Economía es el crear un ambiente propicio para que economistas del norte, centro y sur del continente americano discutan diferentes aspectos relacionados con el proceso de desarrollo. El tema específico tratado en la reunión de Bogotá estuvo claramente influenciado por la crisis cambiaria que tuvo lugar en México en diciembre de 1994 y que afectó a otras economías de la región. Durante 1995 buena parte del debate macroeconómico en América Latina giró en torno a la escogencia de un régimen cambiario óptimo. Por ello, los trabajos presentados estudiaron -desde diversos ángulos- aspectos relacionados con el manejo de la política cambiaria, en especial el sistema de tasa de cambio y las ventajas y desventajas de los controles de capital. Además, dado que varios países de la región han cimentado sus políticas de estabilización en sistemas de tasa de cambio fija, algunos trabajos abordaron la problemática de la inflación y la estabilidad macroeconómicas. |
| 650 14 - SUBJECT ADDED ENTRY--TOPICAL TERM |
| Topical term or geographic name entry element |
Inflación |
| 9 (RLIN) |
16664 |
| Form subdivision |
Congresos, conferencias, etc |
| Geographic subdivision |
América Latina |
| 650 24 - SUBJECT ADDED ENTRY--TOPICAL TERM |
| Topical term or geographic name entry element |
Deuda externa |
| General subdivision |
Congresos, conferencias, etc |
| Geographic subdivision |
América Latina |
| 9 (RLIN) |
38971 |
| 650 24 - SUBJECT ADDED ENTRY--TOPICAL TERM |
| Topical term or geographic name entry element |
Libre comercio |
| General subdivision |
Congresos, conferencias, etc |
| Geographic subdivision |
América Latina |
| 9 (RLIN) |
38972 |
| 700 1# - ADDED ENTRY--PERSONAL NAME |
| Personal name |
Cárdenas, Mauricio, |
| Relator term |
coordinador |
| 9 (RLIN) |
16662 |
| 700 1# - ADDED ENTRY--PERSONAL NAME |
| Personal name |
Edwards, Sebastián, |
| Relator term |
coordinador |
| 9 (RLIN) |
7671 |
| 942 ## - ADDED ENTRY ELEMENTS (KOHA) |
| Source of classification or shelving scheme |
Dewey Decimal Classification |
| Koha item type |
Books |